Logistika skla: Hlavne bez črepov
Sklo je krehké a rozbitné, preto všetky oblasti logistiky ako výrobnej, skladovej, tak i distribučnej, sa musia tejto skutočnosti prispôsobiť. Sklenené produkty sú väčšinou skladované na paletách bez regálových systémov. Prepravca musí prejsť dôsledným výberom.
Uložené v:
| Hlavný autor: | |
|---|---|
| Médium: | Kapitola |
| Jazyk: | Slovak |
| Predmet: | |
| Tagy: |
Žiadne tagy, Buďte prvý, kto otaguje tento záznam!
|
MARC
| LEADER | 00000naa a2200000 4500 | ||
|---|---|---|---|
| 001 | 0193549 | ||
| 005 | 20231011073637.9 | ||
| 041 | 0 | |a slo | |
| 044 | |a CZ | ||
| 245 | 1 | 0 | |a Logistika skla: Hlavne bez črepov |c Jozef Brezovský |
| 520 | |a Sklo je krehké a rozbitné, preto všetky oblasti logistiky ako výrobnej, skladovej, tak i distribučnej, sa musia tejto skutočnosti prispôsobiť. Sklenené produkty sú väčšinou skladované na paletách bez regálových systémov. Prepravca musí prejsť dôsledným výberom. | ||
| 610 | 2 | 0 | |a logistika |
| 610 | 2 | 0 | |a skladovanie |
| 610 | 2 | 0 | |a balenie |
| 610 | 2 | 0 | |a distribúcia |
| 610 | 2 | 0 | |a preprava |
| 610 | 2 | 0 | |a sklo |
| 100 | 1 | |a Brezovský, Jozef | |